LEADER 00804nam a2200217 i 4500 001 000000189801 003 CaOOAMICUS 005 20100518000000.0 008 100518s1962 it u000 u ita u 013 $a168111 040 $aSeMil$bita 100 1 $aTurchi, Nicola <1882-1958>.$0(OLS)http://semarc/name/6408 245 10$aVol. 1 /$cNicola Turchi. 250 $a2. ed. 260 $aFirenze :$bSansoni,$c1962. 300 $aVII, 422 p. :$bill. ;$c28 cm. 773 0 $aTurchi, Nicola <1882-1958>$tStoria delle religioni.$b2. ed.$dFirenze : Sansoni, 1962.$g1$w()13416 850 $aSeMil 852 $aSeMil$W1$xVenegono$y1$m2X V 166/1$j140432$B140432$CSeMilBibl$Z2$F152049 $81 996 $6245$aVol. 1$9(OLS)http://semarc/title/55715 996 $6260$aFirenze :$bSansoni$9(OLS)http://semarc/publisher/29843 LEADER 01363nam a2200301 i 4500 001 000000115776 003 CaOOAMICUS 005 20030529000000.0 008 030529s1994 gw u000 u ger u 013 $a88465 020 $a3-85264-456-9 040 $aSeMil$bita 245 10$aFriede für die Menschheit :$bGrundlagen, Probleme und Zukunftsperspektiven aus islamischer und chrstlicher Sicht /$cAndreas Bsteh (Hrsg.) 260 $aMödling :$bSt. Gabriel,$c1994. 300 $a331 p. ;$c21 cm. 490 0 $aBeiträge zur Religionstheologie ;$v8 500 $aFondo Card. C.M. Martini. 650 4$aPace universale.$0(OLS)http://semarc/subject/21255 650 4$aCristianesimo e Islamismo.$0(OLS)http://semarc/subject/6971 700 1 $aBsteh, Andreas.$0(OLS)http://semarc/name/21555 830 0$aBeiträge zur Religionstheologie ;$v8.$0(OLS)http://semarc/title/12413 850 $aSeMil 852 $aSeMil$W1$xVenegono$y1$m2D II 92$j71280$B71280$CSeMilBibl$Z2$F92003 $81 941 1 $a4 961 $aOmaggio: Martini Card. Carlo Maria 996 $6020$a3-85264-456-9$9(OLS)http://semarc/number/99685 996 $6245$aFriede für die Menschheit :$bGrundlagen, Probleme und Zukunftsperspektiven aus islamischer und chrstlicher Sicht$9(OLS)http://semarc/title/169646 996 $6260$aMödling :$bSt. Gabriel$9(OLS)http://semarc/publisher/32561